000 00792nam a2200217Ii 4500
003 JO-AjNU
008 230605s9999||||xx |||||||||||||| ||und||
020 _a978-9953-82-390-4
040 _aJO-AjNU
_bara
_erda
_cJO-AjNU
041 _aara
050 1 4 _aPJ6071.A33 2011
100 3 _aتحريرسرحان، هيثم,
_eauthor
_949582
245 0 0 _aآفاق اللسانيات: دراسات-مراجعات-شهادات تكريما للاستاذ الدكتورنهاد الموسى
250 _aط1
264 3 1 _aبيروت: مركز دراسات الوحدة العربية، 2011
300 _a560ص
336 _atext
_btxt
_2rdacontent
337 _aunmediated
_bn
_2rdamedia
338 _avolume
_bnc
_2rdacarrier
650 4 _aاللسانيات-اللغة العربية
_949583
999 _aA21786
_c25354
_d25354